[Event "Oberliga NRW 1819"]
[Site "Germany"]
[Date "2019.03.17"]
[Round "7.1"]
[White "Erwich, Marc"]
[Black "Dresen, Ulrich"]
[Result "1-0"]
[WhiteElo "2358"]
[BlackElo "2260"]
[PlyCount "91"]
[EventDate "2018.09.16"]
[EventType "team-tourn"]
[EventRounds "9"]
[EventCountry "GER"]
[SourceTitle "EXT 2020"]
[Source "ChessBase"]
[SourceDate "2019.10.17"]
[SourceVersion "1"]
[SourceVersionDate "2019.10.17"]
[SourceQuality "1"]
[WhiteTeam "Erkenschwick"]
[BlackTeam "Gerresheim"]
[WhiteTeamCountry "GER"]
[BlackTeamCountry "GER"]

1. e4 e5 2. Nf3 Nc6 3. Bb5 a6 4. Ba4 Nf6 5. 0-0 Be7 6. Re1 b5 7. Bb3 d6 8. c3 0-0 9. h3 Na5 10. Bc2 c5 11. d4 Nd7 12. Nbd2 g6 13. Nf1 exd4 14. cxd4 Nc6 15. d5 Nce5 16. N3d2 f6 17. f4 Nf7 18. Nf3 Re8 19. a4 Bb7 20. Qe2 Qb8 21. Be3 b4 22. a5 Bf8 23. h4 Bg7 24. h5 Nf8 25. hxg6 hxg6 26. Qf2 Bc8 27. Qg3 Nh6 28. N1h2 Ra7 29. Nh4 Kh7 30. Bf2 Rae7 31. e5 f5 32. e6 Bxb2 33. Rab1 Bf6 34. Ba4 Bb7 35. Bxe8 Qxe8 36. Red1 Qb5 37. N4f3 Qc4 38. Rbc1 Qb5 39. Qh3 Kg7 40. g4 fxg4 41. Nxg4 Nxg4 42. Qxg4 Qe2 43. f5 Kg8 44. Rd2 Qb5 45. Bh4 Bxh4 46. Nxh4 1-0

[Event "NRW Class1 1516"]
[Site "Germany"]
[Date "2015.09.27"]
[Round "1.2"]
[White "Huckebrink, Chris"]
[Black "Erwich, Marc"]
[Result "0-1"]
[WhiteElo "2108"]
[BlackElo "2286"]
[PlyCount "96"]
[EventDate "2015.09.27"]
[EventType "team-tourn"]
[EventRounds "9"]
[EventCountry "GER"]
[SourceTitle "EXT 2017"]
[Source "ChessBase"]
[SourceDate "2016.10.25"]
[SourceVersion "1"]
[SourceVersionDate "2016.10.25"]
[SourceQuality "1"]
[WhiteTeam "Kamen"]
[BlackTeam "Erkenschwick"]
[WhiteTeamCountry "GER"]
[BlackTeamCountry "GER"]

1. e4 e5 2. Nf3 Nc6 3. Bb5 a6 4. Ba4 Nf6 5. 0-0 Be7 6. Re1 b5 7. Bb3 0-0 8. d3 d6 9. c3 Na5 10. Bc2 c5 11. Nbd2 Re8 12. Nf1 Bf8 13. Ng3 g6 14. a4 Be6 15. Bg5 h6 16. Be3 Bg7 17. h3 Kh7 18. d4 cxd4 19. cxd4 Qc7 20. d5 Bd7 21. axb5 axb5 22. Bd3 Rec8 23. Qe2 Nc4 24. Rxa8 Rxa8 25. Rc1 Qb8 26. Bxc4 bxc4 27. Qxc4 Qxb2 28. Qc2 Qxc2 29. Rxc2 Ne8 30. Bb6 Rb8 31. Rb2 f5 32. Nd2 Nf6 33. f3 fxe4 34. fxe4 h5 35. Bd4 Rxb2 36. Bxb2 Bh6 37. Nc4 h4 38. Nxd6 hxg3 39. Bxe5 Nh5 40. Nf7 Be3+ 41. Kh1 Bb5 42. Nd6 Bd3 43. h4 Kg8 44. Nc8 Kf7 45. Bc7 Nf4 46. Nd6+ Ke7 47. Nb7 Bxe4 48. Nc5 Bxg2# 0-1

[Event "NRW Class1 1415"]
[Site "Germany"]
[Date "2014.11.16"]
[Round "3.2"]
[White "Erwich, Marc"]
[Black "Mainka, Romuald"]
[Result "1/2-1/2"]
[WhiteElo "2323"]
[BlackElo "2346"]
[PlyCount "87"]
[EventDate "2014.09.14"]
[EventType "team-tourn"]
[EventRounds "9"]
[EventCountry "GER"]
[SourceTitle "EXT 2017"]
[Source "ChessBase"]
[SourceDate "2016.10.25"]
[SourceVersion "1"]
[SourceVersionDate "2016.10.25"]
[SourceQuality "1"]
[WhiteTeam "Erkenschwick"]
[BlackTeam "Dortmund Hansa II"]
[WhiteTeamCountry "GER"]
[BlackTeamCountry "GER"]

1. e4 c5 2. Nf3 e6 3. d4 cxd4 4. Nxd4 Nc6 5. Nc3 Qc7 6. g3 a6 7. Bg2 Nf6 8. 0-0 Be7 9. Nxc6 bxc6 10. f4 d5 11. e5 Nd7 12. Na4 a5 13. Be3 Ba6 14. Re1 0-0 15. a3 Rad8 16. b3 c5 17. Bf2 c4 18. Bd4 g6 19. Qd2 Rb8 20. Reb1 Bb5 21. Nc3 cxb3 22. cxb3 Bc6 23. Bf1 Bc5 24. Bxc5 Nxc5 25. b4 Ne4 26. Nxe4 dxe4 27. Qe3 axb4 28. axb4 Bb5 29. Qc5 Qd7 30. Rd1 Bd3 31. Ra7 Qb5 32. Bxd3 exd3 33. Qxb5 Rxb5 34. Rxd3 Rxb4 35. Kg2 Rb2+ 36. Kh3 h5 37. Rdd7 Rbb8 38. Kh4 Rbd8 39. Re7 Rde8 40. Reb7 Rb8 41. Re7 Rbe8 42. Kg5 Rxe7 43. Rxe7 Kg7 44. h3 1/2-1/2

[Event "Oberliga NRW 1314"]
[Site "Germany"]
[Date "2014.01.12"]
[Round "5.3"]
[White "Kern, Guido"]
[Black "Erwich, Marc"]
[Result "1-0"]
[WhiteElo "2259"]
[BlackElo "2364"]
[PlyCount "117"]
[EventDate "2013.09.15"]
[EventType "team-tourn"]
[EventRounds "9"]
[EventCountry "GER"]
[SourceTitle "EXT 2015"]
[Source "ChessBase"]
[SourceDate "2014.11.20"]
[SourceVersion "1"]
[SourceVersionDate "2014.11.20"]
[SourceQuality "1"]
[WhiteTeam "Dinslaken"]
[BlackTeam "Erkenschwick"]
[WhiteTeamCountry "GER"]
[BlackTeamCountry "GER"]

1. c4 e5 2. Nc3 Nf6 3. Nf3 Nc6 4. a3 d5 5. cxd5 Nxd5 6. Qc2 Be7 7. e3 a6 8. Nxd5 Qxd5 9. Bd3 Qd6 10. b4 Bf6 11. Bb2 Bg4 12. Be4 Nd8 13. Rc1 c6 14. Qc5 Qxc5 15. Rxc5 Ne6 16. Rc2 Bxf3 17. Bxf3 Ke7 18. a4 Rhd8 19. Ba3 Rd3 20. Ra2 Ng5 21. Be2 Rb3 22. 0-0 b5 23. Rc1 Kd7 24. h4 Ne6 25. Bf3 Rc8 26. axb5 axb5 27. Be4 Bxh4 28. Bc2 Rxa3 29. Rxa3 Be7 30. Ra7+ Rc7 31. Rxc7+ Kxc7 32. Be4 Nd8 33. Rb1 g6 34. g4 Kd7 35. Kf1 Ke6 36. Ke2 Kf6 37. Rc1 Bxb4 38. Bxc6 Ba3 39. Ra1 b4 40. Bd5 Kg5 41. Rh1 h6 42. f3 Ne6 43. Bxe6 fxe6 44. Kd3 b3 45. Ke4 Bd6 46. Rb1 h5 47. gxh5 gxh5 48. Rxb3 h4 49. Rb7 Bf8 50. Kxe5 h3 51. Kxe6 h2 52. Rb1 Kh4 53. d4 Kg3 54. f4 Bb4 55. d5 Bd2 56. f5 Kg2 57. f6 Bxe3 58. f7 Bg1 59. Rb2+ 1-0

[Event "Oberliga NRW 1213"]
[Site "Germany"]
[Date "2012.12.16"]
[Round "4.1"]
[White "Erwich, Marc"]
[Black "Saltaev, Mihail"]
[Result "1/2-1/2"]
[WhiteElo "2346"]
[BlackElo "2451"]
[PlyCount "115"]
[EventDate "2012.09.16"]
[EventType "team-tourn"]
[EventRounds "9"]
[EventCountry "GER"]
[SourceTitle "EXT 2017"]
[Source "ChessBase"]
[SourceDate "2016.10.25"]
[SourceVersion "1"]
[SourceVersionDate "2016.10.25"]
[SourceQuality "1"]
[WhiteTeam "Erkenschwick"]
[BlackTeam "Muelheim Nord II"]
[WhiteTeamCountry "GER"]
[BlackTeamCountry "GER"]

1. e4 c6 2. d4 d5 3. exd5 cxd5 4. c4 Nf6 5. Nc3 e6 6. Nf3 Bb4 7. Bd3 dxc4 8. Bxc4 0-0 9. 0-0 Nbd7 10. Bg5 Nb6 11. Bd3 Be7 12. Ne5 h6 13. Bh4 Bd7 14. Rc1 Nfd5 15. Bg3 Bg5 16. Nxd5 Nxd5 17. f4 Bf6 18. Qe2 g6 19. Qe4 Bg7 20. Bc4 Bc6 21. Nxc6 bxc6 22. Bb3 Rc8 23. Bf2 Qd6 24. g3 Rfd8 25. Rfd1 h5 26. Kg2 Ne7 27. Rc3 Rc7 28. h3 Nd5 29. Rc5 h4 30. Bxd5 exd5 31. Qf3 hxg3 32. Bxg3 f5 33. Bf2 Re8 34. Rd2 Re4 35. Rdc2 Bxd4 36. Bxd4 Rxd4 37. Qc3 Qxf4 38. Rxc6 Rg7 39. Qg3 Qe4+ 40. Kh2 Kh7 41. Rc7 Kh6 42. Rg2 Qf4 43. Qxf4+ Rxf4 44. Rc8 Kh7 45. Rd8 Rd4 46. Rd6 f4 47. Rf6 g5 48. Rf5 Kh6 49. Rf6+ Rg6 50. Rxg6+ Kxg6 51. h4 Kh5 52. hxg5 f3 53. Rf2 Kxg5 54. Kg3 Ra4 55. Rd2 Rxa2 56. Rxd5+ Kf6 57. Rd2 a5 58. Kxf3 1/2-1/2

[Event "Oberliga NRW 1112"]
[Site "Germany"]
[Date "2012.03.04"]
[Round "7.1"]
[White "Hainke, Guntram"]
[Black "Erwich, Marc"]
[Result "1/2-1/2"]
[WhiteElo "2252"]
[BlackElo "2337"]
[PlyCount "150"]
[EventDate "2011.09.18"]
[EventType "team-tourn"]
[EventRounds "9"]
[EventCountry "GER"]
[SourceTitle "EXT 2015"]
[Source "ChessBase"]
[SourceDate "2014.11.20"]
[SourceVersion "1"]
[SourceVersionDate "2014.11.20"]
[SourceQuality "1"]
[WhiteTeam "Muenster SK"]
[BlackTeam "Erkenschwick"]
[WhiteTeamCountry "GER"]
[BlackTeamCountry "GER"]

1. d4 Nf6 2. c4 e6 3. Nc3 Bb4 4. Qc2 d5 5. cxd5 exd5 6. Bg5 0-0 7. e3 Re8 8. Bd3 h6 9. Bh4 c5 10. Nge2 b6 11. 0-0 Bb7 12. dxc5 bxc5 13. Rfd1 Nbd7 14. Bb5 g5 15. Bg3 Qe7 16. a3 Bxc3 17. Nxc3 Rec8 18. Qf5 Nf8 19. Rac1 Qe6 20. Bd3 Nh5 21. Bb1 Nxg3 22. hxg3 Qxf5 23. Bxf5 Rd8 24. Nb5 c4 25. e4 Rab8 26. Nxa7 dxe4 27. Rxd8 Rxd8 28. Rxc4 Rd1+ 29. Kh2 Rd2 30. Bxe4 Bxe4 31. Rxe4 Rxb2 32. f3 Ne6 33. Nc6 Ra2 34. a4 Kg7 35. a5 h5 36. f4 h4 37. fxg5 Nxg5 38. Rg4 hxg3+ 39. Kxg3 Kf6 40. Rf4+ Ke6 41. Nd4+ Ke5 42. Rf5+ Kxd4 43. Rxg5 Ke4 44. Rg7 Ra3+ 45. Kh2 f5 46. Ra7 f4 47. a6 Kf5 48. Ra8 Kg6 49. a7 Kg7 50. Kg1 Ra2 51. Kf1 Kh7 52. Ke1 Kg7 53. Kd1 Kh7 54. Kc1 Kg7 55. Kb1 Ra6 56. Kb2 Kh7 57. Kb3 Kg7 58. Kc4 Kh7 59. Kd4 Kg7 60. Ke5 Ra4 61. Kf5 Kh7 62. Kf6 Ra6+ 63. Kg5 Ra4 64. Rf8 Rxa7 65. Kxf4 Kg7 66. Re8 Kf6 67. Re4 Ra2 68. g3 Ra5 69. Rb4 Kg6 70. Rb6+ Kg7 71. g4 Rc5 72. g5 Rc1 73. Rb7+ Kg6 74. Rb6+ Kg7 75. Rb7+ Kg6 1/2-1/2

[Event "Oberliga NRW 1112"]
[Site "Germany"]
[Date "2012.02.05"]
[Round "6.1"]
[White "Erwich, Marc"]
[Black "Koch, Thomas"]
[Result "0-1"]
[WhiteElo "2337"]
[BlackElo "2402"]
[PlyCount "80"]
[EventDate "2011.09.18"]
[EventType "team-tourn"]
[EventRounds "9"]
[EventCountry "GER"]
[SourceTitle "EXT 2015"]
[Source "ChessBase"]
[SourceDate "2014.11.20"]
[SourceVersion "1"]
[SourceVersionDate "2014.11.20"]
[SourceQuality "1"]
[WhiteTeam "Erkenschwick"]
[BlackTeam "Aachen SV"]
[WhiteTeamCountry "GER"]
[BlackTeamCountry "GER"]

1. e4 c5 2. Nf3 d6 3. d4 cxd4 4. Nxd4 Nf6 5. Nc3 a6 6. Bg5 e6 7. f4 Be7 8. Qe2 h6 9. Bxf6 Bxf6 10. 0-0-0 Nd7 11. g4 g5 12. f5 Ne5 13. Bg2 b5 14. Nb1 Qb6 15. c3 b4 16. h3 Bd7 17. cxb4 Qxb4 18. Nc3 Rc8 19. Nc2 Qb6 20. Bf1 Nc4 21. Qxc4 Rxc4 22. Bxc4 Ke7 23. Rd3 Rb8 24. b3 Qa5 25. Kb2 d5 26. exd5 exd5 27. Rhd1 dxc4 28. Rxd7+ Ke8 29. R7d4 cxb3 30. axb3 Bxd4 31. Rxd4 Rd8 32. Re4+ Kf8 33. Rc4 Qe5 34. Nb4 Rd4 35. Rc8+ Kg7 36. Nc2 Rd3 37. Nb4 Rd2+ 38. Ka3 a5 39. Nbd5 Rxd5 40. Nxd5 Qxd5 0-1

[Event "NRW Class2 1011"]
[Site "Germany"]
[Date "2011.02.20"]
[Round "7.1"]
[White "Weber, Peter"]
[Black "Erwich, Marc"]
[Result "1-0"]
[WhiteElo "2239"]
[BlackElo "2415"]
[PlyCount "87"]
[EventDate "2010.09.26"]
[EventType "team-tourn"]
[EventRounds "9"]
[EventCountry "GER"]
[SourceTitle "EXT 2012"]
[Source "ChessBase"]
[SourceDate "2011.11.24"]
[SourceVersion "1"]
[SourceVersionDate "2011.11.24"]
[SourceQuality "1"]
[WhiteTeam "Monheim"]
[BlackTeam "Erkenschwick"]
[WhiteTeamCountry "GER"]
[BlackTeamCountry "GER"]

1. e4 e5 2. f4 Bc5 3. Nf3 d6 4. Bc4 Nf6 5. Nc3 Nc6 6. d3 a6 7. f5 Na5 8. Bg5 h6 9. Bh4 b5 10. Bb3 c6 11. Qe2 Qe7 12. Nd1 Nxb3 13. axb3 g5 14. Bf2 Bxf2+ 15. Nxf2 g4 16. Nd2 h5 17. Qe3 c5 18. c4 b4 19. h3 gxh3 20. Rxh3 Rg8 21. Qf3 Bb7 22. Nf1 Qf8 23. Ne3 0-0-0 24. Ke2 Rg5 25. g4 hxg4 26. Nfxg4 Nxg4 27. Nxg4 Qg7 28. Ne3 Rg8 29. Rah1 Qf8 30. Rh7 Bc6 31. Qh3 Be8 32. Qh6 Qxh6 33. R1xh6 Kd7 34. Rh8 R8g7 35. R6h7 Rxh7 36. Rxh7 Ke7 37. Nd5+ Kf8 38. Rh8+ Rg8 39. Rh6 Bc6 40. Rxd6 Bxd5 41. Rd8+ Kg7 42. Rxg8+ Kxg8 43. cxd5 Kg7 44. Kf3 1-0

[Event "BEL-chT 1011"]
[Site "Belgium"]
[Date "2010.10.10"]
[Round "2.4"]
[White "Erwich, Marc"]
[Black "Gillain, Christophe"]
[Result "1-0"]
[WhiteElo "2415"]
[BlackElo "2092"]
[PlyCount "77"]
[EventDate "2010.09.26"]
[EventType "team-tourn"]
[EventRounds "11"]
[EventCountry "BEL"]
[SourceTitle "EXT 2012"]
[Source "ChessBase"]
[SourceDate "2011.11.24"]
[SourceVersion "1"]
[SourceVersionDate "2011.11.24"]
[SourceQuality "1"]
[WhiteTeam "Ans"]
[BlackTeam "Liege Crelel"]
[WhiteTeamCountry "BEL"]
[BlackTeamCountry "BEL"]

1. e4 e6 2. d4 d5 3. Nd2 dxe4 4. Nxe4 Bd7 5. Nf3 Bc6 6. Bd3 Nd7 7. 0-0 Ngf6 8. Qe2 Be7 9. Ng3 Bxf3 10. Qxf3 c6 11. b3 0-0 12. Bb2 Qc7 13. Rfe1 Bd6 14. c4 c5 15. Rad1 cxd4 16. Bxd4 Be5 17. Bxe5 Nxe5 18. Qf4 Nfd7 19. Bc2 Rac8 20. Nh5 f6 21. Qg3 Rf7 22. f4 Nxc4 23. bxc4 Qc5+ 24. Qe3 Qxh5 25. Qxe6 Qc5+ 26. Kh1 Nf8 27. Qe2 Rcc7 28. Rd5 Qb4 29. Rb1 Rfe7 30. Qf2 Qc3 31. Bb3 Qe3 32. Qxe3 Rxe3 33. c5 g6 34. Rd3+ Re6 35. Re1 Kf7 36. Rd6 Rce7 37. g4 f5 38. g5 Re8 39. a4 1-0

[Event "NRW Class2 0910"]
[Site "Germany"]
[Date "2009.10.25"]
[Round "2.2"]
[White "Dahm, Jochen"]
[Black "Erwich, Marc"]
[Result "0-1"]
[WhiteElo "2329"]
[BlackElo "2402"]
[PlyCount "140"]
[EventDate "2009.09.20"]
[EventType "team-tourn"]
[EventRounds "9"]
[EventCountry "GER"]
[SourceTitle "EXT 2011"]
[Source "ChessBase"]
[SourceDate "2010.11.26"]
[SourceVersion "1"]
[SourceVersionDate "2010.11.26"]
[SourceQuality "1"]
[WhiteTeam "Bochum SG II"]
[BlackTeam "Erkenschwick"]
[WhiteTeamCountry "GER"]
[BlackTeamCountry "GER"]

1. e4 e5 2. Nf3 Nc6 3. d4 exd4 4. Nxd4 Nf6 5. Nxc6 bxc6 6. Bd3 d5 7. exd5 cxd5 8. Bb5+ Bd7 9. Bxd7+ Qxd7 10. 0-0 Be7 11. c4 d4 12. Qd3 0-0 13. Bg5 Qg4 14. Bxf6 Bxf6 15. Nd2 g6 16. Rfe1 Rfe8 17. Re4 Rxe4 18. Qxe4 Qxe4 19. Nxe4 Be7 20. Rd1 Rb8 21. b3 f5 22. Ng3 Bf6 23. Ne2 a5 24. Nf4 Kf7 25. Nd3 Ke6 26. Kf1 Kd6 27. Re1 c5 28. Nb2 g5 29. Re2 h5 30. Ke1 Be5 31. g3 Bf6 32. Kd1 Rh8 33. Nd3 h4 34. a3 hxg3 35. hxg3 Rh1+ 36. Re1 Rh8 37. Kd2 Bg7 38. b4 axb4 39. axb4 cxb4 40. Rb1 Ra8 41. Rxb4 Ra2+ 42. Kd1 Ra3 43. Kc2 Ke6 44. Rb6+ Kf7 45. Rb3 Ra2+ 46. Rb2 Ra3 47. Kd2 Rc3 48. Rc2 Ke6 49. f3 Kd6 50. c5+ Kd5 51. Ra2 Bf8 52. Ra6 Bxc5 53. Rf6 Kc4 54. Ne5+ Kb3 55. Rxf5 Bb4 56. Ke2 Kc2 57. Rxg5 Bd6 58. f4 Bxe5 59. Rxe5 d3+ 60. Kf2 d2 61. Re2 Kc1 62. Rxd2 Kxd2 63. f5 Kd3 64. Kf3 Kd4+ 65. Kf4 Rc1 66. g4 Rf1+ 67. Kg5 Ke5 68. Kg6 Rf4 69. Kg5 Re4 70. Kh5 Kf6 0-1

[Event "NRW Class2 0910"]
[Site "Germany"]
[Date "2009.09.20"]
[Round "1.1"]
[White "Balduan, Markus"]
[Black "Erwich, Marc"]
[Result "0-1"]
[WhiteElo "2323"]
[BlackElo "2402"]
[PlyCount "92"]
[EventDate "2009.09.20"]
[EventType "team-tourn"]
[EventRounds "9"]
[EventCountry "GER"]
[SourceTitle "EXT 2011"]
[Source "ChessBase"]
[SourceDate "2010.11.26"]
[SourceVersion "1"]
[SourceVersionDate "2010.11.26"]
[SourceQuality "1"]
[WhiteTeam "Solingen SG III"]
[BlackTeam "Erkenschwick"]
[WhiteTeamCountry "GER"]
[BlackTeamCountry "GER"]

1. c4 e5 2. g3 g6 3. Bg2 Bg7 4. Nc3 d6 5. e4 Be6 6. d3 Qd7 7. Be3 Nc6 8. Nge2 Nge7 9. Nd5 0-0 10. d4 exd4 11. Nxd4 Ne5 12. Rc1 c5 13. Nxe6 fxe6 14. Nxe7+ Qxe7 15. 0-0 Nc6 16. Qd2 Bd4 17. Bg5 Qc7 18. h3 Qb6 19. b3 a5 20. Rb1 Qc7 21. a4 Rf7 22. Bh6 Bg7 23. Be3 Raf8 24. f4 Bd4 25. Kh2 Bxe3 26. Qxe3 Nd4 27. g4 Qe7 28. e5 Qc7 29. Rbd1 dxe5 30. fxe5 Rxf1 31. Bxf1 Rf3 32. Qe4 Rxb3 33. Bg2 Rb2 34. Rf1 Qc6 35. Qxc6 Nxc6 36. Re1 Nd4 37. Kg3 g5 38. Be4 b6 39. Bb7 Rb4 40. Ba6 Rxa4 41. Re3 Rb4 42. h4 h6 43. hxg5 hxg5 44. Kf2 a4 45. Rh3 Rb3 46. Rh1 a3 0-1

[Event "BEL-chT 0809"]
[Site "Belgium"]
[Date "2009.01.04"]
[Round "6.2"]
[White "Erwich, Marc"]
[Black "Hausrath, Daniel"]
[Result "0-1"]
[WhiteElo "2416"]
[BlackElo "2491"]
[PlyCount "66"]
[EventDate "2008.10.05"]
[EventType "team-tourn"]
[EventRounds "11"]
[EventCountry "BEL"]
[SourceTitle "EXT 2010"]
[Source "ChessBase"]
[SourceDate "2010.11.25"]
[SourceVersion "1"]
[SourceVersionDate "2010.11.25"]
[SourceQuality "1"]
[WhiteTeam "Bredene II"]
[BlackTeam "KSK47 Eynatten"]
[WhiteTeamCountry "BEL"]
[BlackTeamCountry "BEL"]

1. e4 c5 2. Nf3 Nc6 3. d4 cxd4 4. Nxd4 Nf6 5. Nc3 e5 6. Ndb5 d6 7. Nd5 Nxd5 8. exd5 Ne7 9. c4 Ng6 10. Be2 a6 11. Nc3 Be7 12. 0-0 0-0 13. Be3 f5 14. f3 Bg5 15. Qd2 Bf4 16. Kh1 Bd7 17. Bd3 Qh4 18. Bxf4 exf4 19. Ne2 Rae8 20. Nd4 Re3 21. Nc2 Re7 22. Qf2 Qf6 23. Qd4 Ne5 24. Rfd1 Qg5 25. c5 dxc5 26. Qxc5 Nxd3 27. Rxd3 Re2 28. Ne1 Rfe8 29. Qg1 Rxb2 30. Rd4 Re3 31. d6 Qf6 32. Rxf4 Rbe2 33. Rc1 Qe5 0-1

[Event "NRW Class1 0809"]
[Site "Germany"]
[Date "2008.11.09"]
[Round "3.1"]
[White "Buscher, Michael"]
[Black "Erwich, Marc"]
[Result "1-0"]
[WhiteElo "2351"]
[BlackElo "2415"]
[PlyCount "65"]
[EventDate "2008.09.21"]
[EventType "team-tourn"]
[EventRounds "9"]
[EventCountry "GER"]
[SourceTitle "EXT 2010"]
[Source "ChessBase"]
[SourceDate "2010.11.25"]
[SourceVersion "1"]
[SourceVersionDate "2010.11.25"]
[SourceQuality "1"]
[WhiteTeam "Duesseldorf"]
[BlackTeam "Erckenschwick"]
[WhiteTeamCountry "GER"]
[BlackTeamCountry "GER"]

1. d4 Nf6 2. c4 e6 3. Nc3 d5 4. cxd5 exd5 5. Bg5 Be7 6. e3 0-0 7. Bd3 c6 8. Nge2 Nbd7 9. 0-0 Re8 10. Re1 Nf8 11. Qc2 g6 12. f3 Ne6 13. Bh4 Ng7 14. Bf2 Bf5 15. e4 dxe4 16. fxe4 Bc8 17. h3 Ne6 18. Rad1 Nh5 19. Rf1 Nef4 20. Nxf4 Nxf4 21. Bc4 Bd6 22. Bg3 Be6 23. Bxe6 Nxe6 24. Bxd6 Qxd6 25. e5 Qf8 26. Ne4 Red8 27. Qc3 Kh8 28. Rf6 Rd7 29. Rdf1 Nxd4 30. Kh1 Qe8 31. e6 fxe6 32. Nc5 Rd5 33. Nxe6 1-0